| 000 | 00682cam a2200217 a 4500 | ||
|---|---|---|---|
| 001 | 000018102 | ||
| 005 | 20200929165345.0 | ||
| 008 | 770412s1966 sp a b 000 0 spa d | ||
| 040 |
_aDO-SdBNP _bspa _cLC _dBNPHU |
||
| 042 | _apremarc | ||
| 082 |
_aM861.44 _bA454e |
||
| 100 | 1 |
_aAlonso Gamo, José María. _939240 |
|
| 245 | 1 | 3 |
_aUn español en el mundo: Santayana : _bpoesía y poética / _cJ. M. Alonso Gamo. |
| 260 |
_aMadrid : _bCultura Hispanica, _c1966. |
||
| 300 |
_a513 p. : _bil. ; _c22 cm. |
||
| 504 | _aBibliografía: p. 241-242. | ||
| 650 | 4 |
_aPoesía mexicana _99120 |
|
| 650 | 4 |
_aLiteratura mexicana _91922 |
|
| 910 | _aCatalogación por copia / LC | ||
| 049 | _aBNGR | ||
| 999 |
_c17624 _d17624 |
||